banner-ar

الماسونية والماسون فى مص : (Record no. 60406)

MARC details
000 -الفاتح
حقل البيانات ثابتة الطول 01107nam a2200277 4500
005 - وقت وتاريخ اخر تعامل مع التسجيلة
رقم الضبط 20240530110408.0
008 - عناصر البيانات ثابتة الطول - معلومات عامة
حقل البيانات ثابتة الطول 150209s2008 ua ckd f b 000 0 ara d
017 ## - رقم الايداع القانونى
رقم الايداع القانونى 13372/2008
المصدر ( الهيئة المختصة) مصر . دار الكتب المصرية
020 ## - الرقم الدولى المعيارى للكتب
الرقم الدولى المعيارى للكتاب 9771805657
040 ## - مصدر الفهرسة
وكالة الفهرسة الأصلية EG-CaGPL
041 0# - رمز اللغة
رمز لغة النص/ المسارات الصوتية أو العنوان الانفرادي ara
082 04 - رقم تصنيف ديوى العشرى
رقم الطبعة 21
رقم التصنيف 366.1
رقم المادة ق/و م
100 0# - المدخل الرئيسى - إسم شخصى
الإسم الشخصى وائل ابراهيم الدسوقى
245 12 - بيان العنوان
العنوان الماسونية والماسون فى مص :
بقية العنوان 1798 -1964 /
بيان المسئوليه,etc تاليف وائل ابراهيم الدسوقى
260 ## - PUBLICATION, DISTRIBUTION, ETC. (IMPRINT)
تاريخ النشر أو التوزيع 2008
300 ## - الوصف المادى
التعداد 351 ص ؛
أبعاد الوعاء 24 سم
490 0# - بيان السلسلة
عنوان السلسلة مصر النهضة
رقم المجلد/ التعيين التسلسلي 73
504 ## - تبصرة ببليوجرافية
تبصرة ببليوجرافية,الخ ببليوجرافية : ص 331 - 349
650 04 - المدخل الاضافى بالموضوع-مصطلح موضوعى
مصطلح موضوعي الماسونية
650 04 - المدخل الاضافى بالموضوع-مصطلح موضوعى
مصطلح موضوعي الجمعيات السرية
650 04 - المدخل الاضافى بالموضوع-مصطلح موضوعى
مصطلح موضوعي الماسونية
التقسيم الفرعي الجغرافي مصر
650 04 - المدخل الاضافى بالموضوع-مصطلح موضوعى
مصطلح موضوعي الماسونية
التقسيم الفرعي العام الاحوال السياسية
التقسيم الفرعي الجغرافي مصر
650 04 - المدخل الاضافى بالموضوع-مصطلح موضوعى
مصطلح موضوعي الماسونية
التقسيم الفرعي العام الاحوال الاجتماعية
التقسيم الفرعي الجغرافي مصر
942 ## - عناصر المدخل الإضافي( كوها)
مصدر التصنيف او مخطط الترفيف Dewey Decimal Classification
Koha [default] item type كتاب
260 ## - PUBLICATION, DISTRIBUTION, ETC. (IMPRINT)
-- القاهرة :
-- مطبعة دار الكتب والوثائق القومية بالقاهرة ،
Holdings
حالة التراجع حالة الفقد حالة تلف ليس للاعارة المكان المؤقت الموقع الحالى تاريخ الاكتساب اجمالي اﻻعارات رقم الطلب الباركود تاريخ اخر مشاهدة تاريخ تفعيل السعر نوع وعاء كوها
        مكتبة القاهرة الكبرى مكتبة القاهرة الكبرى 02/09/2015   366.1 ق/و م 159448 02/09/2015 02/09/2015 كتاب

Powered By

EGPV